00000000nam 2200000zi 4500
0019.931529
003CaOODSP
00520250129111909
006m     o  d f      
007cr |n|||||||||
008230913e198612##nscd    o    f|0| 0 eng d
040 |aCaOODSP|beng|erda|cCaOODSP
043 |an-cnm
0861 |aEn14-539/1986E-PDF
1001 |aJones, T. S., |eauthor.
24510|aEnvironment Canada, Conservation and Protection - Atlantic Region results definition study / |cT.S. Jones, D.S. Wright, W.H. Prescott, J.R. Gordon, G.T. Stewart.
264 1|a[Dartmouth, Nova Scotia] : |bEnvironment Canada, |cDecember 1986.
300 |a1 online resource (1 volume (various pagings)) : |bcharts
336 |atext|btxt|2rdacontent
337 |acomputer|bc|2rdamedia
338 |aonline resource|bcr|2rdacarrier
500 |aDigitized edition from print [produced by Environment and Climate Change Canada].
520 |a"Conservation and Protection (C&P) was formed in March, 1986, by bringing together the Environmental Conservation and Environmental Protection Services of Environment Canada. To assist in this consolidation, a results definition model of the Atlantic Region was developed to describe the region's component programs in the C&P context. In addition, opportunities for implementing the model as a management tool were assessed"--Abstract, page iii.
61010|aCanada. |bConservation and Protection. |bAtlantic Region.
650 0|aEnvironmental protection|xGovernment policy|zAtlantic Provinces.
650 6|aEnvironnement|xProtection|xPolitique gouvernementale|zProvinces de l'Atlantique.
7101 |aCanada. |bConservation and Protection. |bAtlantic Region, |eissuing body.
85640|qPDF|s4.31 MB|uhttps://publications.gc.ca/collections/collection_2025/eccc/En14-539-1986-eng.pdf